000 00483nam a2200181 a 4500
005 20140310183453.0
008 090807s19uu xx 00 eng d
020 _a9789712718618
050 _aPN 1995.9.A78
_b.L899 2006
245 _aLost films of Asia /
_cedited by Nick Deocampo.
260 _aManila :
_bPhilippines,
_c2006.
300 _a104 p. :
_bill. ;
_c23 cm.
521 _aMC
650 _aFilms.
650 _aFilms
_xAsia.
942 _cBK
_2lcc
_kLOC
999 _c23510
_d23510